Regaining the novel/ (Record no. 190762)
[ view plain ]
| 000 -LEADER | |
|---|---|
| fixed length control field | 00542nam a22001817a 4500 |
| 005 - DATE AND TIME OF LATEST TRANSACTION | |
| control field | 20220804122512.0 |
| 010 ## - LCCN (DPL NO) | |
| LC control number | ENG-134234 |
| 020 ## - INTERNATIONAL STANDARD BOOK NUMBER | |
| Terms of availability | 465.00 |
| International Standard Book Number | 9789390889228 |
| 035 ## - SYSTEM CONTROL NUMBER | |
| System control number | EN-117766 |
| 037 ## - SOURCE OF ACQUISITION | |
| Source of stock number/acquisition | DBAD/PUB |
| 082 ## - DEWEY DECIMAL CLASSIFICATION NUMBER | |
| Classification number | N |
| 100 ## - MAIN ENTRY--PERSONAL NAME | |
| Personal name | Shastry, R. M. Prabhulinga |
| 245 ## - TITLE STATEMENT | |
| Title | Regaining the novel/ |
| Statement of responsibility, etc | R.M. Prabhulinga Shastry |
| 260 ## - PUBLICATION, DISTRIBUTION, ETC. (IMPRINT) | |
| Place of publication, distribution, etc | Delhi |
| Name of publisher, distributor, etc | Prakhar Goonj Publication |
| Date of publication, distribution, etc | 2021 |
| 270 ## - ADDRESS | |
| Address | H-3/2, Sector-18, Rohini |
| City | Delhi |
| Postal code | 110089 |
| Telephone number | 7982710571 |
| Electronic mail address | prakhargoonj@gmail.com |
| 300 ## - PHYSICAL DESCRIPTION | |
| Extent | 314 p. |
| Dimensions | 22cm(pbk) |
| 942 ## - ADDED ENTRY ELEMENTS (KOHA) | |
| Source of classification or shelving scheme | Dewey Decimal Classification |
| Item type | English Books |
| Classification part | N |
| Call number suffix | SHA |
| Withdrawn status | Lost status | Not for loan | Collection code | Home library | Current library | Date acquired | Source of acquisition | Cost, normal purchase price | Full call number | Barcode | Copy number | Cost, replacement price | Koha item type |
|---|---|---|---|---|---|---|---|---|---|---|---|---|---|
| Fiction | Bawana | Bawana | 04/08/2022 | DBAD/PUB | 465.00 | N SHA | EN-117766 | 1 | 465.00 | English Books |
